Suplemento a la Gazeta del Gobierno del viernes 12 de mayo de 1809. (Record no. 173048)

MARC details
000 -LEADER
campo de control de longitud fija 00999nam a2200193 i 4500
001 - NÚMERO DE CONTROL
campo de control 173048
003 - IDENTIFICADOR DE NÚMERO DE CONTROL
campo de control ES-MaACL
005 - FECHA Y HORA DE LA ÚLTIMA TRANSACCIÓN
campo de control 20240229062731.0
008 - DATOS DE LONGITUD FIJA--INFORMACIÓN GENERAL
campo de control de longitud fija 091019s1809 sp |||| | spa d
245 00 - MENCIÓN DEL TÍTULO
Título Suplemento a la Gazeta del Gobierno del viernes 12 de mayo de 1809.
260 ## - PUBLICACIÓN, DISTRIBUCIÓN, ETC.
Lugar de publicación, distribución, etc. Cádiz :
Nombre del editor, distribuidor, etc. [s.n.,
Fecha de publicación, distribución, etc. 1809?] (
Fabricante Nicolás Gómez de Requena)
300 ## - DESCRIPCIÓN FÍSICA
Extensión 8 p. ;
Dimensiones 20 cm.
505 8# - NOTA DE CONTENIDO CON FORMATO
Nota de contenido con formato Contiene: "Correspondencia del General frances Horacio Sebastiani con los Excmos. Sres. D. Gaspar de Jovellanos y D. Francisco de Saavedra, y con el general de nuestro exército de la Carolina, D. Francisco Venegas
593 ## -
-- Título y contiene tomados del príncipio del texto.
596 ## - NOTA AL PIE DE IMPRENTA
NOTA AL PIE DE IMPRENTA Datos de publicación tomados del final del texto.
651 #4 - PUNTO DE ACCESO ADICIONAL DE MATERIA--NOMBRE GEOGRÁFICO
Nombre geográfico España-
Subdivisión general Historia-
Subdivisión cronológica 1808-1814, Guerra de la Independencia
9 (RLIN) 8244
852 ## - LOCALIZACIÓN
Ubicación ES-MaACL
Número de control de estantería R-3318(10)
condición física .- Ejemplar sin portada ni cubierta
Nota libre .- Enc. en un vol. facticio con otras obras formando "Miscelanea patriotica"
Holdings
Estatus retirado Estado de pérdida Estado de daño No para préstamo Colección Biblioteca de origen Biblioteca actual Ubicación en estantería Fecha de adquisición Fuente de adquisición Total de préstamos Signatura topográfica completa Código de barras Visto por última vez Precio de reemplazo Tipo de ítem Koha
        Libros del s. XIX Biblioteca del Ateneo de Madrid Biblioteca del Ateneo de Madrid Depósito 20/10/2009     R-3318(10) 1181580 23/02/2023 23/02/2023 Libro impreso antiguo